000 00404nam a2200145 a 4500
005 20140412111418.0
008 070807s19uu xx 00 eng d
020 _a0-382-10819-1
050 _aKIT 400
_bWOR 1990
245 _aWorld of language 1 :
_bEvaluation and testing program.
260 _aU.S.A :
_bSilver Burdett Ginn,
_c1990.
300 _aT52
440 _aWorld of language
999 _c105911
_d105911